mysqli: Table './ulib62015/stat_globaluid' is marked as crashed and should be repaired
select id from stat_globaluid where statuid='20260517205430_509'
mysqli: Table './ulib62015/stat_globaluid' is marked as crashed and should be repaired
DELETE FROM stat_globaluid
WHERE id NOT IN (
SELECT id
FROM (
SELECT id
FROM stat_globaluid
ORDER BY id DESC
LIMIT 100
) foo
);
mysqli: Table './ulib62015/stat_globaluid' is marked as crashed and should be repaired
insert into stat_globaluid set
statuid='20260517205430_509',
dt='1779026070',
phpself='/ULIB62015/dublinfull.php',
agent='Mozilla/5.0 AppleWebKit/537.36 (KHTML, like Gecko; compatible; ClaudeBot/1.0; +claudebot@anthropic.com)',
yea='2026',
mon='5',
dat='17',
ip='216.73.216.45'
mysqli: Table './ulib62015/stathist_viewbib_bib_type' is marked as crashed and should be repaired
insert into stathist_viewbib_bib_type set
dat='17' ,
mon='05' ,
yea='2026' ,
statuid='20260517205430_509' ,
head='13399121387' ,
foot='marc' ,
dt='1779026070'
| LEADER : 00000nam 2200000uu 4500 |
| 001 13399121387 |
| 003 ULIB |
| 008 160217s||||||||th 000 0 tha d |
| 020 ^a9780781780698 (alk. paper)
|
| 060 4 ^aWY100.4^bH714b 2012
|
| 100 1 ^aHogan-Quigley, Beth.
|
| 245 12 ^aBates' nursing guide to physical examination and history taking /^cBeth Hogan-Quigley, Mary Louise Palm, Lynn S. Bickley.
|
| 246 02 ^aNursing guide to physical examination and history taking
|
| 260 ^aPhiladelphia :^bWolters Kluwer Health/Lippincott Williams & Wilkins,^cc2012.
|
| 300 ^axviii, 924 p. :^bill. ;^c29 cm.
|
| 504 ^aIncludes bibliographical references and index.
|
| 650 2 ^aPhysical diagnosis.
|
| 650 0 ^aMedical history taking.
|
| 650 0 ^aNursing assessment.
|
| 650 0 ^aNursing Assessment.
|
| 650 0 ^aMedical History Taking.
|
| 650 0 ^aPhysical Examination.
|
| 700 0 ^aPalm, Mary Louise.
|
| 700 0 ^a Bickley, Lynn S.
|
| 700 0 ^aBates, Barbara,^d1928-2002.
|
| 740 0 ^aNursing guide to physical examination and history taking.
|
| 945 ^p2500^l0^i022922 |
| 999 ^a57066
|
| คุณยังไม่ได้ล็อกอิน คุณสามารถมีกิจกรรมร่วมกับเว็บไซต์ได้ แต่ต้องล็อกอินก่อน :: |
|
|
|
| ลำดับที่ |
ประเภท |
เลขเรียก/บาร์โค้ด |
สถานที่ |
สถานะ |
| 1. |
 หนังสือ | WY100.4 H714b 2012 Barcode: 022922 | หนังสือทั่วไป | บนชั้น ขอยืม |
รายการใกล้เคียง
หัวเรื่อง [Physical diagnosis.] หัวเรื่อง [Medical history taking.] หัวเรื่อง [Medical History Taking.]
|
|
ยังไม่เคยถูกคอมเมนท์
|
| คอมเมนท์ทรัพยากรรายการนี้ |
|